Normal view MARC view
  • Radio Journalism.

Entry Topical Term

Number of records used in: 4

001 - CONTROL NUMBER

  • control field: 1481

003 - CONTROL NUMBER IDENTIFIER

  • control field: NUST

005 - DATE AND TIME OF LATEST TRANSACTION

  • control field: 20170526165357.0

008 - FIXED-LENGTH DATA ELEMENTS

  • fixed length control field: 170526|| aca||aabn | a|a d

040 ## - CATALOGING SOURCE

  • Original cataloging agency: NUST
  • Transcribing agency: NUST

150 ## - HEADING--TOPICAL TERM

  • Topical term or geographic name entry element: Radio Journalism.

670 ## - SOURCE DATA FOUND

  • Source citation: Work cat.: (NUST)23624: Mughees uddin shikh 1480, ABC of Radio Journalism, c2008
© 2023 Central Library, National University of Sciences and Technology. All Rights Reserved.